[Event "Saint Louis m1"]
[Site "Saint Louis"]
[Date "2011.05.17"]
[Round "1"]
[White "Ponomariov, Ruslan"]
[Black "Nakamura, Hikaru"]
[Result "1-0"]
[WhiteElo "2754"]
[BlackElo "2774"]
[Annotator "Ftacnik,L"]
[PlyCount "185"]
[EventDate "2011.05.16"]
[EventType "match"]
[EventRounds "6"]
[EventCountry "USA"]
[SourceTitle "CBM 143"]
[Source "ChessBase"]
[SourceDate "2011.07.15"]
[SourceVersion "1"]
[SourceVersionDate "2011.07.15"]
[SourceQuality "1"]

1. d4 Nf6 2. c4 g6 3. Nc3 Bg7 4. e4 d6 5. Nf3 O-O 6. Be2 e5 7. O-O Nc6 8. d5
Ne7 9. Ne1 Nd7 10. Be3 f5 11. f3 f4 12. Bf2 g5 13. g4 h5 14. h3 Rf6 {This
rather closed position has not attracted the attention of strong players in
the past. Nakamura has his own ideas about the King's Indian Defence, so his
choice of the line could make a difference.} 15. Nd3 Rh6 16. Kg2 c5 $146 {
[%mdl 8] The radical attempt to slow down White's advance on the queenside has
not been played in a known game.} (16... Ng6 17. Rh1 Nh4+ 18. Kf1 (18. Bxh4
gxh4 19. Kh2 (19. Kf2 hxg4 20. hxg4 h3 21. Ke1 Bf6 22. Kd2 Bh4 23. Qf1 h2 $11 {
0-1 Oliveira,H-Guimaraes,D (2179)/Petrolina 2009 (70)}) 19... hxg4 20. hxg4 a6
21. Bf1 Nf8 22. Nf2 c6 23. Rg1 Nh7 24. Nh3 Ng5 25. Nxg5 Qxg5 $11 {1-0 Amoyal,P
(2226)-Berube,R (2305)/St Lorrain 2003 (45)}) 18... b6 19. b4 Bf8 20. Rb1 a5
21. a3 Be7 22. Ke1 Kf7 23. Kd2 axb4 24. axb4 Ba6 25. Qb3 $14 {1/2-1/2 Monteau,
L-Vlcek,S (2326)/Parthenay 2000 (47)}) (16... Kf7 17. c5 Nf6 18. Rc1 (18. Rh1
Qh8 19. cxd6 cxd6 20. Nb5 Ne8 21. Rc1 Qh7 22. Nc7 Nxc7 23. Rxc7 hxg4 24. hxg4
Rxh1 25. Qxh1 Qxh1+ 26. Kxh1 $16 {1/2-1/2 Kleeschaetzky,R (2235)-Sawatzki,J 
(2230)/Germany 2008 (59)}) 18... Bd7 19. Qb3 Ng6 20. cxd6 cxd6 21. Qxb7 Qh8 22.
Nb5 Nh4+ 23. Bxh4 gxh4 24. Nxd6+ {1-0 Fedorovsky,M (2305)-Svab,J/Decin 1997}) (
16... Nf6 17. c5 b6 18. cxd6 cxd6 19. a4 Bd7 20. Nb5 Ne8 21. Rc1 Qb8 22. Qb3
Kf8 23. Rc3 a6 24. Na3 b5 25. axb5 axb5 {1-0 Szymanski,M (2359)-Misiuga,A 
(2193)/Karvina 2001 (58)} 26. Nb4 $16) 17. dxc6 Nxc6 (17... bxc6 18. Rh1 $14)
18. c5 $1 {Ponomariov knows very well, that he can not win on the kingside.
Pushing ahead on the opposite flank is simply compulsory for him.} dxc5 (18...
Nd4 19. cxd6 Nb6 (19... Rxd6 20. Nb5 Nxb5 21. Qb3+ Kh7 22. Qxb5 $16) 20. Nb5
Nxb5 21. Qb3+ Be6 22. Qxb5 Qxd6 23. Nc5 $16) 19. Nxc5 Nd4 {Black could have
tried to equalise with the simple means of a knight exchange 19...Nxc5!?, but
he has higher ambitions.} (19... Nxc5 $5 20. Qxd8+ (20. Bxc5 Bd7 21. Qd5+ Kh7
22. Rfd1 Nd4 $11) 20... Nxd8 21. Bxc5 Ne6 22. Bc4 Kh7 23. Be7 Kg6 $11) 20. Bc4+
(20. Nb3 $5 Nxe2 21. Qxe2 Nf6 (21... Nb6 22. Nc5 Qe7 23. Rfd1 $14) 22. Nb5 $14)
20... Kh7 21. Nb3 Nf6 $2 {It is no secret, that Nakamura thrives on tactics,
so his choice of a knight move towards g4-pawn seems more than logical.
Unfortunately it can be easily refuted, so Black is thrown off balance.} (21...
Nb6 $1 22. Bd3 Be6 $11) 22. Nxd4 exd4 23. e5 $1 (23. Bxd4 $2 hxg4 24. hxg4 Nxg4
$1 $17) 23... hxg4 (23... Nd7 24. Qd3+ Kh8 25. Bxd4 Nb8 26. Rfe1 Nc6 27. Rad1
$16) (23... Ng8 24. Qd3+ Kh8 25. Bxd4 $16) 24. hxg4 Nxg4 {For better or worse
now Black has to sacrifice a piece in order to play on.} (24... Bxg4 25. fxg4
dxc3 26. exf6 $18) (24... Nd7 25. Qd3+ Kh8 26. Bxd4 $18) 25. fxg4 Bxe5 (25...
Bxg4 26. Qxg4 dxc3 27. Qf5+ Kh8 28. Rh1 $18) 26. Rh1 Qd7 27. Ne4 {Ponomariov
has understood, that he has won the game. His next few choices are directed
towards safety, not the highest efficiency.} (27. Be2 $1 dxc3 28. Qc2+ Kg7 29.
Rxh6 $18) 27... Rxh1 28. Qxh1+ Kg7 29. Qh5 (29. Be2 Qd5 30. Qb1 d3 31. Qxd3
Qxd3 32. Bxd3 Bxg4 33. Nxg5 $18) 29... Qxg4+ 30. Qxg4 Bxg4 31. Nxg5 d3 {
Black has a miserable two pawns for the piece, so the rest is a matter of
technique. As a tactical wizard he is looking at least for chances to fight on.
} (31... Rc8 32. Be6 Bxe6 33. Nxe6+ Kf7 34. Nxd4 $18) 32. Bxd3 Rd8 33. Be2 (33.
Be4 Bf6 34. Nf3 Re8 35. Re1 $18) 33... Bf5 (33... Bxe2 34. Ne6+ Kf6 35. Nxd8
$18) 34. Rd1 (34. Rg1 Bxb2 35. Nh3 Rd2 36. Nxf4 $18) 34... Rxd1 35. Bxd1 Bxb2
36. Bxa7 {Unless Black manages to exchange the last white pawn his survival
chances are close to zero.} Kf6 37. Nf3 (37. Nh3 Bc1 38. Bd4+ Ke6 39. Bb3+ Kd6
40. Ng5 $18) 37... Bd3 38. Kf2 Bc1 39. Bb3 Be4 (39... b5 40. Bd4+ Ke7 41. Ng5
Bg6 42. Kf3 Bh5+ 43. Ke4 Bg6+ 44. Ke5 Bh5 45. Nh3 f3 46. Bd5 $18) 40. Ke2 Ke7
41. Bb8 Be3 42. Be5 Kd7 43. Ng5 Bc6 44. Bc4 Bc1 45. Nf3 Be3 46. Bc3 Kd6 47.
Bb4+ Kc7 48. Ne5 Be8 (48... Be4 49. Nd3 Kc6 50. Bd2 $18) 49. Bd5 Bh5+ 50. Kd3
Bc1 51. Bc5 b5 (51... b6 52. Bd4 Kd6 53. Ke4 b5 54. Bf7 Bd1 55. Nd3 Bc2 56. Be8
$18) 52. Ke4 Bd2 53. Nf3 Bg6+ 54. Ke5 Be3 55. Bxe3 fxe3 56. Kd4 e2 57. Ke3 Kd6
58. Bg8 Kc5 59. Kxe2 {This might have been the magical moment for resigning
after a heroic defence, but Black manages 33 more moves.} Bh5 60. Ke3 Kb4 61.
Nd4 Bg6 62. Kd2 Kc5 63. Nc2 Bf5 64. Kc3 Be4 65. a3 Kb6 (65... Bxc2 66. Kxc2 b4
67. a4 $18) 66. Nd4 Ka5 67. Bb3 Bg2 68. Bc2 Bf1 69. Nb3+ Ka4 (69... Kb6 70. Kb4
$18) 70. Nd2+ Kxa3 71. Bb3 Bd3 (71... b4+ 72. Kc2 Bd3+ (72... Bb5 73. Nb1#) 73.
Kxd3 $18) 72. Kxd3 Kb2 73. Be6 Kc1 74. Nb3+ Kb2 75. Kd2 b4 76. Kd3 Ka3 77. Kc4
Ka4 78. Bf5 Ka3 79. Nc5 Kb2 80. Kxb4 Ka2 81. Kc3 Ka1 82. Nb3+ Ka2 83. Be4 Ka3
84. Bb1 Ka4 85. Nd4 Ka5 86. Kc4 Kb6 87. Nb5 Kb7 88. Bf5 Kc6 89. Bc8 Kb6 90. Bd7
Kb7 91. Kc5 Ka6 92. Nd6 Ka5 93. Nb7+ 1-0

[Event "EU-ch 10th"]
[Site "Budva"]
[Date "2009.03.12"]
[Round "7"]
[White "Sokolov, Ivan"]
[Black "Kotronias, Vasilios"]
[Result "1-0"]
[WhiteElo "2657"]
[BlackElo "2603"]
[Annotator "Krasenkow,M"]
[PlyCount "89"]
[EventDate "2009.03.06"]
[EventType "swiss"]
[EventRounds "11"]
[EventCountry "MNE"]
[SourceTitle "CBM 130"]
[Source "ChessBase"]
[SourceDate "2009.05.20"]
[SourceVersion "1"]
[SourceVersionDate "2009.05.20"]
[SourceQuality "1"]

1. d4 Nf6 2. c4 g6 3. Nc3 Bg7 4. e4 d6 5. Bd3 O-O 6. Nge2 Nc6 7. O-O e5 8. d5
Nd4 9. Bg5 h6 10. Bh4 {This line was examined by IM Laszlo Hazai in several
CBM issues, most recently in CBM 104, annotations to Socko - Gallagher.} g5 (
10... c5 {is the main theoretical line. GM V.Kotronias applies a new move
order.}) 11. Bg3 c5 $146 {[%mdl 8]} (11... Nh5 12. Nxd4 Nxg3 13. Ne6 $1 Bxe6
14. fxg3 Bd7 15. Be2 f5 16. exf5 Bxf5 17. Bd3 $14 {1-0 Shaked,T-Miller,M/Sioux
Falls 1998/EXT 2002 (54)}) 12. dxc6 bxc6 13. c5 $5 dxc5 14. Bxe5 Ng4 $6 {
Black should not exchange his strong bishop.} (14... Re8 $142 $13) 15. Bxg7
Kxg7 16. Ng3 $6 (16. Na4 $1 Qd6 (16... Rb8 17. Qc1 $1 Ne5 18. Nxc5 Nxd3 19. Qc3
) 17. Ng3 $14 {[%csl Rc5][%cal Ra1c1,Rd1c1] was more accurate.}) 16... Rb8 17.
Na4 Qd6 $2 (17... Ne5 $1 {was an opportunity to exploit the opponent's inexact
move order.} 18. Nxc5 $140 Ne6 $1 19. Nxe6+ Bxe6 20. Bc2 Qxd1 21. Rfxd1 Rxb2
22. Bb3 c5 $1 $15) 18. Qc1 $16 {Now Black can't protect his c5-pawn.} f5 (18...
c4 19. Bxc4 Rb4 20. b3 Ne5 21. Nb2 $16) 19. exf5 Bxf5 20. Qxc5 Qxc5 21. Nxc5
Bxd3 22. Nxd3 {White gradually brings home his material advantage:} Rbd8 23.
Rad1 Rfe8 24. h3 Ne5 25. Nc5 Kg6 26. Kh1 Rd5 27. Nce4 Ne6 28. Nc3 Rd3 29. Rde1
Nc4 30. Na4 Nd2 31. Rg1 Rdd8 32. Rc1 Rd6 33. Rgd1 Red8 34. Nc5 Ne4 35. Rxd6
Nxg3+ 36. fxg3 Rxd6 37. Nb7 Rd2 38. Rxc6 Kf7 39. Nd6+ Ke7 40. Nf5+ Kf6 41. Nxh6
Rxb2 42. Ra6 Rb1+ 43. Kh2 Re1 44. Ng4+ Kg6 45. a4 1-0

[Event "EU-ch 1st"]
[Site "Saint Vincent"]
[Date "2000.07.14"]
[Round "11"]
[White "Yakovich, Yuri"]
[Black "Smirin, Ilia"]
[Result "0-1"]
[WhiteElo "2585"]
[BlackElo "2677"]
[Annotator "Hazai,L"]
[PlyCount "106"]
[EventDate "2000.07.03"]
[EventType "swiss"]
[EventRounds "11"]
[EventCountry "ITA"]
[SourceTitle "CBM 078"]
[Source "ChessBase"]
[SourceDate "2000.10.18"]
[SourceVersion "1"]
[SourceVersionDate "2000.10.18"]
[SourceQuality "1"]

1. d4 Nf6 2. c4 g6 3. Nc3 Bg7 4. e4 d6 5. Be2 O-O 6. Bg5 Na6 7. h4 e5 8. d5 h6
9. Be3 Nc5 10. Qc2 c6 11. h5 cxd5 12. cxd5 Qa5 13. Bd2 Bd7 14. hxg6 fxg6 15. f3
Rac8 $1 {[%mdl 4] This strong novelty is very important for the evaluation of
the whole line. Black is not afraid of sacrificing the weak h6 P in order to
get counterplay on the weakened dark squares. White's pieces are undeveloped
and his K cannot find a shelter.} (15... Nh5 {- Yakovich-Bekker Jensen,
Excelsior Cup 2000 CBM 75.}) 16. Rb1 (16. b4 Qxb4 17. Nb5 {is met by the
positional Q sacrifice} Qxb5 $1 (17... Qa4 $2 18. Qxa4 Nxa4 19. Nxd6 $16) 18.
Bxb5 Bxb5 $40 {Black has only two pieces and a P for the Q, but the white
pieces lack of any harmony.}) (16. Bxh6 Bxh6 17. Rxh6 Kg7 $44 {is the main
idea of Black using the h <-> against White later on.}) 16... Qd8 17. Bxh6 {
Otherwise White's problems remain without winning a P.} (17. Qd1 Nh5 $132)
17... Bxh6 18. Rxh6 Kg7 19. Rh1 Nh5 $44 {>< f4,g3 Black has a good
compensation because of the disorganized white pieces.} (19... Rh8 20. Rxh8
Qxh8 21. Bf1) 20. Qd2 Rh8 21. Bf1 {is this a real developing move?!} (21. b4
Na4 22. Nxa4 Bxa4 23. Bd1 Qb6 $44 {/^ g1-a7}) 21... Qb6 22. Nge2 (22. Qg5 Nf6
23. Rxh8 Rxh8 $44) 22... Nf4 23. Rxh8 (23. Ng3 Rxh1 24. Nxh1 Rh8 $36) 23...
Ncd3+ 24. Kd1 {Now the K has also problems in the middle of the board.} Rxh8
25. Nxf4 Nxf4 26. Kc2 Rh2 {>< g2} 27. Rc1 Bh3 28. Na4 Qd4 29. Qxd4 exd4 {
Transposing into the _|_ doesn't solve all of White's problems.} 30. Kb3 Bxg2
31. Bxg2 {[#]} b5 $1 {This strong intermediate move leaves Black with a good N
versus bad B _|_.} 32. Nb6 axb6 33. Bf1 d3 {Black is better in the _|_ and
will win although not without help of the opponent!} (33... Rf2 $5 34. Bxb5
Rxf3+ 35. Kb4 Rf2 $15 {and the o^ g6 can be dangerous.}) 34. Kc3 (34. Rd1 Rf2)
34... Rh1 (34... Rf2 35. Bxd3 Rxf3 36. Rd1 Kf6 $15 {and the black pieces
dominate the board.}) 35. Rd1 (35. Rb1 Ne2+ 36. Kd2 Kf6 37. Rd1 Nf4) 35... Kf6
36. Kd4 (36. Kd2 Ke5) 36... b4 (36... g5 37. a3) 37. Rb1 {/\ Bxd3} Ne2+ 38. Ke3
g5 (38... Ke5 $5) 39. Kf2 (39. a3 b3) 39... Nf4 (39... Ke5 $5 {deserved
serious attention.} 40. Kg2 Rg1+ 41. Kf2 g4) 40. Ke3 Ne2 41. Rd1 (41. Kf2)
41... Nf4 42. Rb1 d2 (42... Ke5 43. Bxd3 Rh2 $44) 43. Kxd2 Rh2+ 44. Ke3 Ke5 45.
Ba6 Ng2+ 46. Kd3 Nf4+ 47. Ke3 Rh3 48. Rf1 $2 (48. Rg1 {was the persistant
defence.}) 48... g4 {Now the o^ g will decide the battle.} 49. Be2 Ng2+ (49...
g3 $19) 50. Kd2 (50. Kf2 Nf4 51. Ke3) 50... g3 $19 51. Rg1 Rh2 52. Ba6 Kf4 53.
e5 Kxe5 0-1

[Event "Biel GM 45th"]
[Site "Biel"]
[Date "2012.07.27"]
[Round "5"]
[White "Nakamura, Hikaru"]
[Black "Bacrot, Etienne"]
[Result "1-0"]
[WhiteElo "2778"]
[BlackElo "2713"]
[Annotator "Krasenkow,M"]
[PlyCount "67"]
[EventDate "2012.07.23"]
[EventType "tourn"]
[EventRounds "10"]
[EventCountry "SUI"]
[EventCategory "21"]
[SourceTitle "CBM 150"]
[Source "ChessBase"]
[SourceDate "2012.09.14"]
[SourceVersion "1"]
[SourceVersionDate "2012.09.14"]
[SourceQuality "1"]

1. d4 Nf6 2. c4 g6 3. Nc3 Bg7 4. e4 d6 5. Nf3 O-O 6. Be2 e5 7. d5 a5 8. Bg5 h6
9. Bh4 Na6 10. Nd2 Qe8 11. O-O h5 12. a3 Bd7 13. b3 Nh7 14. f3 f5 {This plan
of an immediate kingside storm is much less common than the classic} (14... Bh6
) {Not without reason, as the present game shows.} 15. Rb1 {[%mdl 4]} (15. Bf2
Bh6 {leads to one of the 14...Bh6 lines}) (15. exf5 gxf5 16. Qc2 (16. f4 $2
exf4 17. Rc1 Nf6 18. h3 Nc5 $17 {0-1 Polak,T (2410)-Arakhamia Grant,K (2485)/
Oakham 1994/EXT 2000 (32)}) (16. Rc1 Bf6 17. Qe1 Qg6 18. Qg3 Qxg3 19. Bxg3 h4
20. Bf2 Bg5 21. Rc2 Nf6 $36 {0-1 Priehoda,V (2420)-Van Wely,L (2525)/Novy
Smokovec 1992/CBM 033 (59)}) 16... Qg6 17. Kh1 {1-0 Camarena Gimenez,R (2387)
-Andres Flores,A (2058)/Ayamonte 2002/EXT 2005 (49)} Bh6 {looks OK for Black})
(15. Nb5 $5 g5 16. Bf2 f4 17. b4 axb4 18. axb4 Qg6 19. c5 {1/2 Horvath,I (2291)
-Ibar,M (2266)/IECG 2001/Telechess CBM 87 'Forfeited. Draw for rating purposes.
'}) 15... g5 (15... Nc5 {may be much better, e.g.} 16. Nb5 Bxb5 17. cxb5 fxe4 (
17... Bh6 18. exf5 gxf5 19. b6 cxb6 20. Nc4 $14 {0-1 Kramnik,V (2730)-Kasparov,
G (2795)/Paris 1995/CBM 049 ext (31)}) 18. Nxe4 Nxe4 19. fxe4 Rf4 20. Bf2 Ng5
21. Qc2 Bh6 22. Bd3 Qd7 23. Kh1 Raf8 {1/2 Huss,A (2304)-Gerber,R (2412)/
Switzerland SUI 2012/The Week in Chess 913}) (15... Bh6 16. Bf2 {again leads
to 14...Bh6}) 16. Bf2 f4 $6 (16... Qg6 $5 17. b4 axb4 18. axb4 g4 {should be
checked as a possible way to rehabilitate this variation}) 17. b4 axb4 18. axb4
Qg6 (18... b6 $5 19. Qb3 g4 20. Kh1 Qg6 {0-1 Banusz,T (2491)-Tatar Kis,S (2375)
/Hungary 2007/EXT 2009 (39) ; still, after} 21. c5 $5 {White apparently breaks
through first}) 19. c5 g4 20. c6 (20. Kh1 $6 g3 21. Bg1 h4 22. Re1 {[#]} h3 23.
Bf1 Ng5 $40 {1-0 Lisanti,A (2345)-Valet,R (2190)/Biel 1993/TD (38)}) 20... bxc6
(20... g3 21. cxd7 gxf2+ 22. Rxf2 Nf6 (22... Bf6 23. Bxa6 bxa6 24. Qa4 Kh8 25.
Qc6 Bh4 26. Re2 Rg8 27. Qxc7 Ng5 28. Kf1 $18 {1-0 Porper,E (2435)-Quan Zhe 
(2303)/Kitchener 2003/CBM 095 ext (54)}) 23. Bxa6 bxa6 24. Qa4 Qf7 25. Nc4 Nxd7
26. Ra2 Bf6 27. Qc6 $16 {1-0 Letelier Martner,R (2235)-Barria Zuniga,D (2285)/
Santiago de Chile 1995/EXT 2001 (35)}) 21. dxc6 Be6 22. b5 {It is clear that
White surpasses Black in his attack.} Nb8 {[%csl Rb8]} (22... Nc5 23. b6 cxb6
24. Rxb6 {[%cal Rc6c7] is hardly much more pleasant for Black}) 23. Nd5 Bxd5
24. exd5 g3 25. Be1 Ng5 26. Rb4 (26. hxg3 $5 fxg3 27. Rb4) 26... h4 27. Ne4 h3
{Desperation. Of course, Black's pieces are not ready for this assault.} 28.
hxg3 fxg3 29. Qd2 {There was nothing wrong with} (29. Nxg3 {, e.g.} e4 30. f4
Ra1 31. Rb1 Rxb1 32. Qxb1 Bd4+ 33. Kh2 hxg2 34. Kxg2 $18) 29... Rf4 (29... hxg2
30. Kxg2 Nh3 31. Bxg3 Bh6 32. Qb2 Nf4+ 33. Kh1 {successfully defending.}) 30.
Nxg5 (30. Nxg3 $18) 30... Qxg5 (30... Rxb4 31. Qxb4 Qxg5 32. Qe4 Ra4 $5 33.
Qxa4 Qe3+ 34. Bf2 gxf2+ 35. Rxf2 h2+ 36. Kxh2 Qxf2 37. Qe4 $18 {[%cal Ye2d3]})
31. gxh3 Qf5 32. Bxg3 Qxh3 33. Bxf4 exf4 34. Qxf4 1-0

[Event "EU-chT (Men) 13th"]
[Site "Leon"]
[Date "2001.11.14"]
[Round "8.1"]
[White "Delchev, Aleksander"]
[Black "Ivanchuk, Vassily"]
[Result "1/2-1/2"]
[WhiteElo "2634"]
[BlackElo "2731"]
[Annotator "Tsesarsky,I"]
[PlyCount "54"]
[EventDate "2001.11.06"]
[EventType "team-swiss"]
[EventRounds "9"]
[EventCountry "ESP"]
[SourceTitle "CBM 086"]
[Source "ChessBase"]
[SourceDate "2002.02.05"]
[SourceVersion "1"]
[SourceVersionDate "2002.02.05"]
[SourceQuality "1"]
[WhiteTeam "Bulgaria"]
[BlackTeam "Ukraine"]
[WhiteTeamCountry "BUL"]
[BlackTeamCountry "UKR"]

{[%mdl 4]} 1. Nf3 Nf6 2. c4 g6 3. Nc3 Bg7 4. e4 O-O 5. d4 d6 6. Be2 e5 7. O-O
Nc6 8. d5 Ne7 9. b4 Nh5 10. Re1 f5 11. Ng5 Nf6 12. Bf3 c6 13. Be3 Kh8 14. b5 {
Black equalizes also in another variations.} ({For example:} 14. Re2 h6 15. Ne6
Bxe6 16. dxe6 Ne8 17. Rd2 Rf6 18. exf5 gxf5 19. Bh5 Rxe6 20. Bf7 Rf6 21. Bxe8 (
21. Qh5 f4 $19 {0-1 Baron Rodriguez,J-Candela Perez,J/Mancha Real 2000/EXT
2001 (26)}) 21... Qxe8 22. Rxd6 Rxd6 23. Qxd6 f4 24. Bc1 (24. Bc5 Nf5 $17 {
[%csl Rc5][%cal Gb7b6]}) 24... Rd8 25. Qe6 e4 26. Bb2 Ng6 27. Qxe8+ Rxe8 28.
Re1 $132) (14. Qb3 h6 (14... Ne8 15. Rad1 (15. Ne6 Bxe6 16. dxe6 Nc7 17. c5 d5
18. exd5 cxd5 19. Bxd5 f4 20. Bxb7 fxe3 21. fxe3 Rb8 22. Rad1 Qe8 23. Bf3 Nf5
$17 {0-1 Chow,A-Shulman,Y/Sioux Falls USA 2001/The Week in Chess 360 (30)})
15... f4 16. Bc1 cxd5 (16... Nc7 17. c5 $16) 17. cxd5 (17. exd5 Nxd5 18. Rxd5
Qxg5 19. Ne4 Qe7 $15 {[%cal Gc8e6]}) 17... Nxd5 18. Nxh7 Nxc3 19. Nxf8 Nxd1 20.
Nxg6+ Kh7 21. Qf7 Nc3 22. Nf8+ Kh8 23. Ng6+ Kh7 24. Nf8+ $11) 15. Ne6 Bxe6 16.
dxe6 fxe4 (16... Qc8 17. c5 d5 18. exd5 cxd5 19. Nxd5 Nfxd5 20. Bxd5 Nxd5 21.
Qxd5 Rd8 22. Qb3 Re8 23. Rad1 Rxe6 24. Qd5 a6 25. a4 $14 {0-1 San Segundo
Carrillo,P-Piket,J/Mondariz 2000/CBM 79 no vc (35)}) 17. Nxe4 Nxe4 18. Bxe4 Qc8
19. Rad1 Qxe6 20. b5 a6 21. bxc6 bxc6 22. Rd2 (22. Qb7 Rfb8 23. Qc7 d5 24. cxd5
cxd5 25. Bc5 dxe4 26. Qxe7 Qxe7 27. Bxe7 Rb2 {1/2-1/2 Szuhanek,R-Feletar,D/
Vukovar CRO 2001/The Week in Chess 354 (27)}) 22... Rfb8 23. Qd3 d5 24. cxd5
cxd5 25. Bxd5 Nxd5 26. Qxd5 Qxd5 27. Rxd5 Rb2 28. Ra5 Rb5 29. Ra4 a5 30. g3 Rb4
{1/2-1/2 Schandorff,L-Blehm,P/Istanbul 2000/EXT 2001 (30)}) (14. a4 {-see
commented game 1/2-1/2 Rashkovsky,N-Shinkevich,V/St Petersburg 2000/CBM 76
[Huzman,A] (32)}) 14... cxd5 15. cxd5 fxe4 16. Ngxe4 Nf5 ({Equality after} 
16... Nxe4 17. Nxe4 Nf5 18. Bg4 Nxe3 19. Rxe3 Bf5 20. Bf3 {1/2-1/2 Gligoric,
S-Pavlovic,M/Herceg Novi YUG 2001/The Week in Chess 335 (20)}) 17. Nxf6 Bxf6
18. Ne4 Nxe3 (18... Bh4 19. a4 Nxe3 20. Rxe3 Bf5 21. Qb3 Rc8 22. Qb4 Rc2 23.
Rf1 Be7 $11 {0-1 Kantsler,B-Avrukh,B/Tel Aviv ISR 2001/The Week in Chess 336 
(56)}) 19. Rxe3 Bf5 20. Rc1 Bg5 21. Nxg5 Qxg5 22. Rec3 {White occupied the
only open line "c", but Black doesn't yield it:} Rac8 23. Rxc8 Rxc8 24. Rxc8+
Bxc8 25. Qc2 Qd8 26. h4 Bf5 27. Be4 Bxe4 ({Or} 27... Qxh4 28. Bxf5 gxf5 29.
Qxf5 Qe7 $11) 1/2-1/2